El tributo a París / (Record no. 196349)

MARC details
000 -LEADER
campo de control de longitud fija 01860nam a2200301 i 4500
001 - NÚMERO DE CONTROL
campo de control 196349
003 - IDENTIFICADOR DE NÚMERO DE CONTROL
campo de control ES-MaACL
005 - FECHA Y HORA DE LA ÚLTIMA TRANSACCIÓN
campo de control 20250717063103.0
008 - DATOS DE LONGITUD FIJA--INFORMACIÓN GENERAL
campo de control de longitud fija 240919b2024 sp ||||| |||| 00| 0 spa d
017 ## - NÚMERO DE COPYRIGHT O DE DEPÓSITO LEGAL
Número de copyright o de depósito legal M 10151-2024
Agencia que asigna Oficina Depósito Legal Madrid
020 ## - NÚMERO INTERNACIONAL ESTÁNDAR DEL LIBRO
Número Internacional Estándar del Libro 9788412675467
040 ## - FUENTE DE CATALOGACIÓN
Lengua de catalogación spa
Centro/agencia transcriptor ES-MaACL
100 1# - ENTRADA PRINCIPAL--NOMBRE DE PERSONA
9 (RLIN) 27236
Nombre de persona Bello, Luis,
Fechas asociadas al nombre 1872-1935
Término indicativo de función/relación Autor
245 ## - MENCIÓN DEL TÍTULO
Título El tributo a París /
Mención de responsabilidad, etc. Luis Bello ; edición crítica y estudio introductorio de José Miguel González Soriano.
260 ## - PUBLICACIÓN, DISTRIBUCIÓN, ETC.
Lugar de publicación, distribución, etc. Madrid :
Nombre del editor, distribuidor, etc. Ediciones Evohé,
Fecha de publicación, distribución, etc. 2024.
300 ## - DESCRIPCIÓN FÍSICA
Extensión 209 páginas ;
Dimensiones 14 cm
336 ## - TIPO DE CONTENIDO
Fuente rdacontent
Término de tipo de contenido texto
337 ## - TIPO DE MEDIO
Fuente rdamedia
Nombre/término del tipo de medio sin mediación
338 ## - TIPO DE SOPORTE
Fuente rdacarrier
Nombre/término del tipo de soporte volumen
520 ## - RESUMEN, ETC.
Sumario, etc. En los primeros años del siglo XX, París era una especie de centro de información para todas aquellas noticias internacionales que, con profusión, se daban por el mundo entero. La avidez del lector de periódicos requería de nuevas que le mantuvieran informado, en la época que nuevos medios como el telégrafo y el teléfono facilitaban el rápido intercambio.<br/><br/>En este contexto, Luis Bello marchó a la capital francesa en el año 1904 como corresponsal, con la firme intención de «rendir tributo» a París, firmando una serie de artículos y crónicas que le servirían, tres años más tarde, para publicar este título que ahora recogemos en El Periscopio, bajo una excelente edición de José Miguel González Soriano.
700 ## - ENTRADA AGREGADA--NOMBRE PERSONAL
Nombre de persona González Soriano, José Miguel
Término indicativo de función/relación Editor
9 (RLIN) 238869
852 ## - LOCALIZACIÓN
Ubicación ES-MaACL
Ubicación en estantería Depósito J
Número de control de estantería N-10109
Encuadernación Encuadernación rústica con solapas
Donativo/Legado Donación: Editorial
itemnumber 206228
942 ## - ELEMENTOS DE ENTRADA SECUNDARIOS (KOHA)
Tipo de ítem Koha Libro impreso
Suprimir en OPAC No
Holdings
Estatus retirado Estado de pérdida Fuente del sistema de clasificación o colocación Estado de daño No para préstamo Biblioteca de origen Biblioteca actual Ubicación en estantería Fecha de adquisición Fuente de adquisición Total de préstamos Signatura topográfica completa Código de barras Visto por última vez Precio de reemplazo Tipo de ítem Koha
    Clasificación decimal universal     Biblioteca del Ateneo de Madrid Biblioteca del Ateneo de Madrid Depósito J 14/07/2025 Donación   N-10109 2025-0619 14/07/2025 14/07/2025 Libro impreso